The Wizard And I - Wicked Lyrics - Statistics

General Stats
  • This quiz has been taken 575 times
  • The average score is 354 of 442
Answer Stats
Answer % Correct
I
100%
a
99%
the
99%
wizard
99%
an
96%
to
96%
you
96%
and
95%
my
95%
be
94%
me
93%
on
93%
that
92%
who
92%
for
91%
I'll
91%
is
91%
with
91%
of
90%
so
90%
we
90%
your
90%
he
89%
in
89%
Elphaba
88%
have
88%
like
88%
no
88%
when
88%
all
87%
meet
87%
I've
86%
then
86%
will
86%
could
85%
do
85%
if
85%
as
84%
or
84%
really
84%
why
84%
once
83%
see
83%
waited
83%
well
83%
we'll
83%
what
83%
by
82%
good
82%
just
82%
make
82%
not
82%
Oz
82%
think
82%
gift
81%
girl
81%
I'm
81%
Oh
81%
oh
81%
say
81%
this
81%
he'll
80%
his
80%
life
80%
that's
80%
are
79%
did
79%
should
78%
since
78%
there
78%
can
77%
happen
77%
at
76%
birth
76%
dear
76%
it
76%
one
76%
understood
76%
you're
76%
help
75%
whole
75%
yours
75%
actually
74%
change
74%
degree
74%
minded
74%
sister
74%
small
74%
truly
74%
dumb
73%
father
73%
inside
73%
prove
73%
strange
73%
worth
73%
know
72%
munchkins
72%
won't
72%
blinded
71%
hide
71%
proud
71%
rely
71%
talent
71%
wisdom
71%
work
71%
write
71%
acts
70%
ashamed
70%
him
70%
looks
70%
thinks
70%
suppress
69%
tried
69%
appear
68%
de-greenify
68%
love
68%
matching
68%
quirk
68%
tell
68%
whom
68%
would
68%
exterior
67%
grand
67%
how
67%
'cause
66%
day
66%
important
66%
years
66%
advance
65%
alright
65%
curse
65%
hand
65%
has
65%
magic
65%
making
65%
many
65%
weird
65%
who's
65%
you'll
65%
reply
64%
superior
63%
acclaimed
62%
begin
62%
chance
62%
course
62%
pair
62%
miss
60%
fixated
58%
last
58%
seem
58%
shouldn't
58%
vision
58%
but
57%
celebration
57%
maybe
57%
stand
57%
absurd
56%
folks
56%
had
55%
prophecy
55%
unlimited
55%
future
54%
though
53%
throughout
53%
hazy
52%
here
52%
never
52%
almost
51%
feeling
51%
melt
51%
they
51%
crazy
50%
happy
50%
rest
50%
team
50%
felt
49%
might
49%
things
49%
true
49%
vision's
49%
I'd
48%
scream
48%
someday
48%
die
47%
Oz's
47%
sounds
47%
half
46%
people
45%
swear
45%
there'll
45%
yes
45%
predict
44%
'til
44%
favorite
43%
nothing
42%
vizier
42%
want
42%
esteem
41%
else
40%
high
40%
such
40%
show
39%
definish
38%
will
38%
verdigris
36%
Shiz
35%
welcome
34%
held
33%
No matching quizzes found
Score Distribution
Percent of People with Each Score
Percentile by Number Answered
Your Score History
You have not taken this quiz